Normal view
MARC view
Entry Topical Term
001 - CONTROL NUMBER
- control field: 29099
003 - CONTROL NUMBER IDENTIFIER
- control field: dpl
005 - DATE AND TIME OF LATEST TRANSACTION
- control field: 20110701124351.0
008 - FIXED-LENGTH DATA ELEMENTS
- fixed length control field: 110701|||a|||||| | ||| d
040 ## - CATALOGING SOURCE
- Original cataloging agency: dpl
- Transcribing agency: dpl
150 ## - HEADING--TOPICAL TERM
- Topical term or geographic name as entry element: Hindi Novel
670 ## - SOURCE DATA FOUND
- Source citation: Work cat.: (dpl)52278: रणेन्द्र 29097, ग्लोबल गाँव के देवता /, 2011
670 ## - SOURCE DATA FOUND
- Source citation: Work cat.: (dpl)52278: रणेन्द्र 29097, ग्लोबल गाँव के देवता /, 2011
